00790cam a22002291 4500001001300000003000400013005001700017008004100034010001700075035002000092040001900112042001200131050001600143060002300159100003000182245014600212260008200358300004300440504003800483700002200521999001700543sg 44000101 DLC20260227112742.0820128s1943 xx a 000 0 eng  asg 44000101  a(OCoLC)14745322 aDLCcDNLMdDLC apremarc00aRC356b.C680 aWY 160bC851o 19431 aCottrell, Lillian,d1902-13aAn outline of neuropsychiatry for nurses and social workers,cby Lillian Cottrell ... Nursing procedures contributed by Ilaine J. Larson ... a[St. Louis, New York, etc.,bPlanographed by John S. Swift co., inc.,cc1943] aiii p., 160 numb. l., 161-172 p.bill. a"Suggested readings": p. 161-164.1 aLarson, Ilaine J. c90370d90370